Tratado de sociología /

Guardado en:
Autor Principal: Ayala, Francisco
Formato: Libro
Publicado: Madrid : Aguilar, 1961
Edición:2a. ed.
Materias:
Etiquetas: Agregar Etiqueta
Sin Etiquetas, Sea el primero en etiquetar este registro!
LEADER 00651nam a22002295a 4500
001 CEM.cems000766
005 20060210000000.0
008 130507s1961##################000#0#####d
003 CEMS
082 0 4 |a 301 
100 1 |a Ayala, Francisco 
245 1 0 |a Tratado de sociología / 
250 |a 2a. ed. 
260 |a Madrid :  |b Aguilar,  |c 1961 
300 |a 558 p. 
505 0 |a a cultura; La cultura concretada en el sujeto viviente de la historia. 
653 |a Cultura 
653 |a Cultura y sociedad 
653 |a Cultura y sociologia 
653 |a Sociedad-historia 
653 |a Sociologia 
859 |a CEMS  |b BIB. CEMS - 11 de abril  |h 301  |i Ay14a2  |p 607.73  |t Ej.1